<?xml version="1.0" encoding="UTF-8"?><?xml-stylesheet type="text/xsl" href="static/style.xsl"?><OAI-PMH xmlns="http://www.openarchives.org/OAI/2.0/" xmlns:xsi="http://www.w3.org/2001/XMLSchema-instance" xsi:schemaLocation="http://www.openarchives.org/OAI/2.0/ http://www.openarchives.org/OAI/2.0/OAI-PMH.xsd"><responseDate>2026-04-17T05:10:09Z</responseDate><request verb="GetRecord" identifier="oai:riubu.ubu.es:10259/10883" metadataPrefix="marc">https://riubu.ubu.es/oai/request</request><GetRecord><record><header><identifier>oai:riubu.ubu.es:10259/10883</identifier><datestamp>2025-09-22T08:45:15Z</datestamp><setSpec>com_10259_9433</setSpec><setSpec>com_10259_5087</setSpec><setSpec>com_10259_2728</setSpec><setSpec>col_10259_9434</setSpec></header><metadata><record xmlns="http://www.loc.gov/MARC21/slim" xmlns:doc="http://www.lyncode.com/xoai" xmlns:xsi="http://www.w3.org/2001/XMLSchema-instance" xmlns:dcterms="http://purl.org/dc/terms/" xsi:schemaLocation="http://www.loc.gov/MARC21/slim http://www.loc.gov/standards/marcxml/schema/MARC21slim.xsd">
<leader>00925njm 22002777a 4500</leader>
<datafield tag="042" ind1=" " ind2=" ">
<subfield code="a">dc</subfield>
</datafield>
<datafield tag="720" ind1=" " ind2=" ">
<subfield code="a">Alonso Arranz, Helena</subfield>
<subfield code="e">author</subfield>
</datafield>
<datafield tag="260" ind1=" " ind2=" ">
<subfield code="c">2024-03-21</subfield>
</datafield>
<datafield tag="520" ind1=" " ind2=" ">
<subfield code="a">En este trabajo se ha estudiado la viabilidad de la adsorción con la resina polimérica amberlite XAD-4 como proceso de purificación para la recuperación de furfural de hidrolizados en agua subcrítica obtenidos a partir de rastrojo de maíz. Se analizó el equilibrio de adsorción, obteniéndose una isoterma de adsorción física monocapa favorable para concentraciones de resina superiores al 2 % (p/v). También se examinó el equilibrio de desorción para seleccionar un agente de desorción adecuado, optándose finalmente por el agua.&#xd;
&#xd;
Después de realizar diversos estudios cinéticos con soluciones acuosas sintéticas de furfural, se determinaron las condiciones óptimas para los procesos de adsorción/desorción en un sistema de lecho fijo y se aplicaron al hidrolizado de agua subcrítica. Se alcanzó un rendimiento del 74,03% en la etapa de adsorción y del 91% en la de desorción. Se obtuvo un rendimiento global de extracción de furfural cercano al 60% con una pureza del 99%.</subfield>
</datafield>
<datafield tag="520" ind1=" " ind2=" ">
<subfield code="a">Corn is the second most abundant cereal crop in the world, growing more than 1100 million&#xd;
tonnes in 2022 and 3,6 million tonnes in Spain. Its stem and leaves have a rich composition in&#xd;
hemicellulose, cellulose and lignin, making the use of corn waste a more sustainable&#xd;
alternative as lignocellulosic biomass for furfural production. Furfural is an aromatic aldehyde&#xd;
with several applications such as being a great fungicidal agent, removing aromatic&#xd;
compounds from diesel or its use as raw material in the production of succinic acid,&#xd;
tetrahydrofuran or furoic acids. Furfural is industrially produced through an acid-base&#xd;
homogeneous catalysis. First, a sulphuric acid hydrolysis of lignocellulosic biomass followed&#xd;
by purification process. In this work, the feasibility of adsorption as a downstream purification&#xd;
process for the recovery of furfural from subcritical water hydrolysates from corn solid waste&#xd;
was studied. The adsorption equilibrium was studied, obtaining a favorable single-layer&#xd;
physical adsorption isotherm for resin concentrations above 2 % (w/v) and determining the&#xd;
negative influence of temperature on the process. Desorption equilibrium was studied to&#xd;
choose the appropriate desorption agent, ultimately going for water. After various kinetic&#xd;
studies with aqueous solutions of furfural, optimal conditions for adsorption/desorption&#xd;
processes in fixed-bed were determined, which were applied to the subcritical water&#xd;
hydrolysate. A yield of 74,03 % was obtained for the adsorption stage and 91, % for desorption,&#xd;
althougt the latter was the limiting stage of the process. A total yield of furfural extraction of&#xd;
nearly 60 % and a purity of 99 % were obtained.</subfield>
</datafield>
<datafield tag="024" ind2=" " ind1="8">
<subfield code="a">https://hdl.handle.net/10259/10883</subfield>
</datafield>
<datafield ind1=" " ind2=" " tag="653">
<subfield code="a">Furfural</subfield>
</datafield>
<datafield ind1=" " ind2=" " tag="653">
<subfield code="a">Adsorción</subfield>
</datafield>
<datafield ind1=" " ind2=" " tag="653">
<subfield code="a">Agua subcrítica</subfield>
</datafield>
<datafield ind1=" " ind2=" " tag="653">
<subfield code="a">Residuos de maíz</subfield>
</datafield>
<datafield ind1=" " ind2=" " tag="653">
<subfield code="a">Biorrefinería</subfield>
</datafield>
<datafield ind1=" " ind2=" " tag="653">
<subfield code="a">Adsorption</subfield>
</datafield>
<datafield ind1=" " ind2=" " tag="653">
<subfield code="a">Subcritical water</subfield>
</datafield>
<datafield ind1=" " ind2=" " tag="653">
<subfield code="a">Corn waste</subfield>
</datafield>
<datafield ind1=" " ind2=" " tag="653">
<subfield code="a">Biorefinery</subfield>
</datafield>
<datafield tag="245" ind1="0" ind2="0">
<subfield code="a">Estudios de adsorción y desorción de furfural en lecho fijo empleando resinas poliaromáticas</subfield>
</datafield>
</record></metadata></record></GetRecord></OAI-PMH>